[Event "EUROPA CUP1----2008"]
[Site "SchemingMind.com"]
[Date "2008.06.08"]
[Round "-"]
[White "smothered mate"]
[Black "Dan Geana"]
[Result "0-1"]
[WhiteCountry "POL"]
[BlackCountry "ROU"]
[WhiteElo "1927"]
[WhiteRD "49"]
[BlackElo "2334"]
[BlackRD "106"]
[GameID "158157"]

1. d4 Nf6 2. c4 e6 3. a3 d5 4. Nf3 Be7 5. Nc3 O-O 6. e3 b6 7. Bd3 Bb7 8. O-O Nbd7 9. Qb3 c5 10. Nd2 cxd4
11. exd4 e5 12. cxd5 exd4 13. d6 Bxd6 14. Nce4 Nxe4 15. Nxe4 Bxh2+ 16. Kxh2 Qh4+ 17. Kg1 Bxe4 18. Bb5 Nc5 19. Qh3 Qxh3 20. gxh3 Nb3
0-1

[Event "EUROPA CUP1----2008"]
[Site "SchemingMind.com"]
[Date "2008.06.09"]
[Round "-"]
[White "Dan Geana"]
[Black "smothered mate"]
[Result "1/2-1/2"]
[WhiteCountry "ROU"]
[BlackCountry "POL"]
[WhiteElo "2301"]
[WhiteRD "106"]
[BlackElo "1926"]
[BlackRD "48"]
[GameID "158166"]

1. Nf3 Nf6 2. g3 e6 3. Bg2 d5 4. O-O c5 5. d3 Nc6 6. Nbd2 Be7 7. e4 O-O 8. Re1 Nd7 9. e5 Qc7 10. Qe2 b5
11. Nf1 Bb7 12. h4 a5 13. N1h2 c4 14. d4 b4 15. h5 a4 16. h6 g6 17. Ng4 Ba6 18. Qd1 Rfc8 19. Bg5 Bf8 20. Qc1 Qb6
21. Be3 c3 22. b3 axb3 23. axb3 Bb7 24. Rxa8 Rxa8 25. Kh2 Qa5 26. Bf1 Qa3 27. Qd1 Qb2 28. Bd3 Ba6 29. Bc1 Qa2 30. Bg5 Qb2
31. Bc1 Qa2 32. Bg5=
1/2-1/2

[Event "EUROPA CUP1----2008"]
[Site "SchemingMind.com"]
[Date "2008.06.09"]
[Round "-"]
[White "Peacemaker"]
[Black "MARISCAL"]
[Result "1-0"]
[WhiteCountry "GER"]
[BlackCountry "ESP"]
[WhiteElo "2387"]
[WhiteRD "85"]
[BlackElo "2276"]
[BlackRD "89"]
[GameID "158669"]

1. e4 e6 2. d4 d5 3. Nc3 Nf6 4. Bg5 dxe4 5. Nxe4 Be7 6. Bxf6 gxf6 7. Nf3 b6 8. Bc4 c6 9. Qe2 Bb7 10. O-O-O Qc7
11. Rhe1 Nd7 12. Kb1 O-O-O 13. Ba6 Bxa6 14. Qxa6+ Kb8 15. Qe2 Nf8 16. g3 Ng6 17. h4 h5 18. c3 Rd5 19. c4 Rd7 20. Rd3 Rhd8
21. Red1 f5 22. Nc3 Bf6 23. c5
1-0

[Event "EUROPA CUP1----2008"]
[Site "SchemingMind.com"]
[Date "2008.06.09"]
[Round "-"]
[White "MARISCAL"]
[Black "Peacemaker"]
[Result "0-1"]
[WhiteCountry "ESP"]
[BlackCountry "GER"]
[WhiteElo "2276"]
[WhiteRD "89"]
[BlackElo "2387"]
[BlackRD "85"]
[GameID "158675"]

1. e4 c5 2. c3 d5 3. exd5 Qxd5 4. d4 Nf6 5. Na3 cxd4 6. Nb5 Na6 7. cxd4 e6 8. Nf3 Be7 9. Nc3 Qd6 10. Bg5 O-O
11. Rc1 b6 12. Nb5 Qd8 13. a3 Nd5 14. Bxe7 Qxe7 15. Qd2 Bb7 16. Bd3 Nac7 17. Nxc7 Nxc7 18. O-O Rac8 19. Ne5 Nd5 20. Rfe1 Nf6
21. Rcd1 Rfd8
0-1

[Event "EUROPA CUP1----2008"]
[Site "SchemingMind.com"]
[Date "2008.06.16"]
[Round "-"]
[White "chesshub"]
[Black "MazetaFighter"]
[Result "1-0"]
[WhiteCountry "FRA"]
[BlackCountry "GRE"]
[WhiteElo "2421"]
[WhiteRD "74"]
[BlackElo "2048"]
[BlackRD "67"]
[GameID "159578"]

1. e4 e5 2. Nf3 Nc6 3. Bb5 a6 4. Ba4 Nf6 5. O-O Nxe4 6. d4 b5 7. Bb3 d5 8. dxe5 Be6 9. Nbd2 Nc5 10. c3 d4
11. Bxe6 Nxe6 12. cxd4 Ncxd4 13. a4 Rb8 14. axb5 axb5 15. Ne4 Be7 16. Be3 Nf5 17. Ba7 Qxd1 18. Rfxd1 Rd8 19. g4 Rxd1+ 20. Rxd1 Nh4
21. Nxh4 Bxh4 22. Be3 Ke7 23. Kg2
1-0

[Event "EUROPA CUP1----2008"]
[Site "SchemingMind.com"]
[Date "2008.06.16"]
[Round "-"]
[White "MazetaFighter"]
[Black "chesshub"]
[Result "0-1"]
[WhiteCountry "GRE"]
[BlackCountry "FRA"]
[WhiteElo "2048"]
[WhiteRD "67"]
[BlackElo "2421"]
[BlackRD "74"]
[GameID "159590"]

1. e4 c5 2. Nf3 d6 3. Bb5+ Bd7 4. Bxd7+ Qxd7 5. O-O Nc6 6. c3 Nf6 7. d4 Nxe4 8. d5 Ne5 9. Nxe5 dxe5 10. Re1 Nf6
11. Rxe5 e6 12. c4 O-O-O 13. Nc3 Bd6 14. Re1 exd5 15. Nxd5 Rhe8 16. Bg5 Nxd5 17. Rxe8 Rxe8 18. Qxd5 Re5 19. Qd2 Re4
0-1

[Event "EUROPA CUP1----2008"]
[Site "SchemingMind.com"]
[Date "2008.07.17"]
[Round "-"]
[White "TRFz"]
[Black "friggo"]
[Result "1-0"]
[WhiteCountry "GBR"]
[BlackCountry "SWE"]
[WhiteElo "2185"]
[WhiteRD "58"]
[BlackElo "1591"]
[BlackRD "74"]
[GameID "163108"]

1. d4 d5 2. c4 e6 3. Nc3 Nf6 4. Bg5 Be7 5. e3 O-O 6. Nf3 dxc4 7. Bxc4 h6 8. Bh4 Nc6 9. O-O Bd7 10. Rc1 a6
11. Qe2 Bc8 12. Rfd1 Nd5 13. Bxe7 Ncxe7 14. Ne5 Nxc3 15. Rxc3 Nd5 16. Rcc1 c6 17. e4 Ne7 18. Rc3 f6 19. Ng4 b5 20. Bb3 f5
21. exf5 Nd5 22. fxe6 Nxc3 23. e7+ Kh8 24. bxc3 Bxg4 25. exd8=Q Bxe2 26. Qb6 Bxd1 27. Bxd1 Rf6 28. Bf3 Re8 29. h3 Rfe6 30. Qxa6
1-0

[Event "EUROPA CUP1----2008"]
[Site "SchemingMind.com"]
[Date "2008.07.17"]
[Round "-"]
[White "friggo"]
[Black "TRFz"]
[Result "0-1"]
[WhiteCountry "SWE"]
[BlackCountry "GBR"]
[WhiteElo "1596"]
[WhiteRD "78"]
[BlackElo "2202"]
[BlackRD "56"]
[GameID "163114"]

1. e4 c5 2. d3 g6 3. Nf3 Bg7 4. Be2 Nc6 5. O-O d6 6. c3 e6 7. Be3 Nge7 8. Qc2 O-O 9. Nbd2 f5 10. b3 e5
11. exf5 gxf5 12. Nc4 Kh8 13. Bg5 d5 14. Ncd2 h6 15. Bxe7 Qxe7 16. Rfe1 e4 17. dxe4 fxe4
0-1

[Event "EUROPA CUP1----2008"]
[Site "SchemingMind.com"]
[Date "2008.07.17"]
[Round "-"]
[White "chesshub"]
[Black "the-best"]
[Result "1-0"]
[WhiteCountry "FRA"]
[BlackCountry "SWE"]
[WhiteElo "2436"]
[WhiteRD "69"]
[BlackElo "2083"]
[BlackRD "101"]
[GameID "163676"]

1. e4 c5 2. Nf3 d6 3. d4 cxd4 4. Nxd4 Nf6 5. Nc3 a6 6. Be3 e6 7. f3 b5 8. g4 h6 9. Qd2 Nbd7 10. O-O-O Bb7
11. h4 b4 12. Na4 Qa5 13. b3 Nc5 14. a3 Nxa4 15. axb4 Qc7 16. bxa4 d5 17. e5
1-0

[Event "EUROPA CUP1----2008"]
[Site "SchemingMind.com"]
[Date "2008.07.16"]
[Round "-"]
[White "the-best"]
[Black "chesshub"]
[Result "0-1"]
[WhiteCountry "SWE"]
[BlackCountry "FRA"]
[WhiteElo "2083"]
[WhiteRD "101"]
[BlackElo "2436"]
[BlackRD "69"]
[GameID "163685"]

1. d4 Nf6 2. c4 e6 3. Nc3 Bb4 4. e3 O-O 5. Bd3 d5 6. Nf3 c5 7. O-O Nc6 8. a3 Bxc3 9. bxc3 Qc7 10. cxd5 exd5
11. a4 c4 12. Bc2 Bg4 13. Qe1 Bxf3 14. gxf3 Qd7 15. Kh1 Rfe8 16. Rg1 Kh8 17. Qf1 g6
0-1

[Event "EUROPA CUP1----2008"]
[Site "SchemingMind.com"]
[Date "2008.09.28"]
[Round "-"]
[White "Peacemaker"]
[Black "chesshub"]
[Result "1/2-1/2"]
[WhiteCountry "GER"]
[BlackCountry "FRA"]
[WhiteElo "2382"]
[WhiteRD "76"]
[BlackElo "2447"]
[BlackRD "63"]
[GameID "172489"]

1. e4 e5 2. Nf3 Nc6 3. Bc4 Bc5 4. c3 Nf6 5. d3 d6 6. O-O a6 7. Bb3 Ba7 8. Nbd2 O-O 9. Nc4 Ne7 10. Bg5 Ng6
11. Nh4 Kh8 12. Nxg6+ fxg6 13. Be3 b5 14. Nd2 Bxe3 15. fxe3 Qe7 16. a4 Bd7 17. Qe2 c5 18. axb5 axb5 19. Rxa8 Rxa8 20. Bd5 Nxd5
21. exd5 Kg8 22. Ne4 Ra2 23. Qc2=
1/2-1/2

[Event "EUROPA CUP1----2008"]
[Site "SchemingMind.com"]
[Date "2008.09.28"]
[Round "-"]
[White "chesshub"]
[Black "Peacemaker"]
[Result "1/2-1/2"]
[WhiteCountry "FRA"]
[BlackCountry "GER"]
[WhiteElo "2447"]
[WhiteRD "63"]
[BlackElo "2382"]
[BlackRD "76"]
[GameID "172506"]

1. e4 c5 2. Nf3 Nc6 3. Nc3 e6 4. d4 cxd4 5. Nxd4 Qc7 6. Be2 a6 7. O-O Nf6 8. Be3 Bb4 9. Na4 O-O 10. Nxc6 bxc6
11. f4 Be7 12. Bd3 Rb8 13. c3 d6 14. Qe2 Bd7 15. c4 e5 16. h3 d5 17. fxe5 Qxe5 18. Bf4 Qd4+ 19. Be3 Qe5 20. Bf4 Qd4+=
1/2-1/2

[Event "EUROPA CUP1----2008"]
[Site "SchemingMind.com"]
[Date "2008.09.27"]
[Round "-"]
[White "Konan_Kaddosh"]
[Black "Clive Everill"]
[Result "1-0"]
[WhiteCountry "ITA"]
[BlackCountry "CZE"]
[WhiteElo "2570"]
[WhiteRD "66"]
[BlackElo "1683"]
[BlackRD "47"]
[GameID "172815"]

1. d4 Nf6 2. Bg5 Ne4 3. Bf4 d5 4. e3 e6 5. Nd2 Bb4 6. c3 Nxd2 7. Qxd2 Be7 8. Nf3 c5 9. dxc5 Bxc5 10. Rd1 O-O
11. Bd3 Nc6 12. O-O a6 13. e4 dxe4 14. Bxe4 Qxd2 15. Rxd2 Ne7 16. b4 Ba7 17. Bd6 Re8 18. Bxe7 f5 19. Ne5 fxe4 20. Rfd1 h6
21. Rd8 Rxd8 22. Rxd8+ Kh7 23. Nc4 b5 24. Nd6 e3 25. Kf1 exf2 26. Rxc8 Rxc8 27. Nxc8 Be3 28. Nd6 Bd2 29. Ne4 Be3 30. Bc5 Bf4
31. g3 Bc7 32. Bxf2 Kg6 33. Nc5
1-0

[Event "EUROPA CUP1----2008"]
[Site "SchemingMind.com"]
[Date "2008.09.28"]
[Round "-"]
[White "Clive Everill"]
[Black "Konan_Kaddosh"]
[Result "0-1"]
[WhiteCountry "CZE"]
[BlackCountry "ITA"]
[WhiteElo "1683"]
[WhiteRD "47"]
[BlackElo "2570"]
[BlackRD "66"]
[GameID "172827"]

1. e4 c5 2. Nf3 Nc6 3. d4 cxd4 4. Nxd4 e5 5. Nb5 d6 6. c4 Be7 7. N1c3 a6 8. Na3 Be6 9. Nd5 Rc8 10. Bd3 Bg5
11. O-O Bxc1 12. Rxc1 Nf6 13. f4 exf4 14. Rxf4 Bxd5 15. exd5 Ne5 16. Bf5 Qb6+ 17. Kh1 Rc7 18. Qa4+ Kf8 19. Rff1 g6 20. Bxg6 hxg6
21. Rxf6 Ng4 22. c5 Qxb2 23. Qc2 Rxh2+ 24. Kg1 Qxf6 25. c6 Qd4+ 26. Kf1 Rh1+ 27. Ke2 Qe3#
0-1

[Event "EUROPA CUP1----2008"]
[Site "SchemingMind.com"]
[Date "2009.02.14"]
[Round "-"]
[White "Konan_Kaddosh"]
[Black "TRFz"]
[Result "1-0"]
[WhiteCountry "ITA"]
[BlackCountry "GBR"]
[WhiteElo "2618"]
[WhiteRD "66"]
[BlackElo "2272"]
[BlackRD "67"]
[GameID "191366"]

1. e4 c5 2. Nf3 Nc6 3. d4 cxd4 4. Nxd4 g6 5. c4 Nf6 6. Nc3 d6 7. Be2 Nxd4 8. Qxd4 Bg7 9. O-O O-O 10. Bg5 Be6
11. Qe3 Qb6 12. Qd2 Rfc8 13. b3 a6 14. Rad1 Rab8 15. Rfe1 Qa5 16. Bxf6 Bxf6 17. Nd5 Qxd2 18. Nxf6+ exf6 19. Rxd2 b5 20. cxb5 axb5
21. Rxd6 Rc2 22. Ra6 f5 23. exf5 Bxf5 24. Bf1 Be6 25. f3 Kg7 26. Re2 Rc1 27. Rd2 Ra1 28. Ra3 h5 29. h4 b4 30. Ra6 Rc1
31. Kf2 Rb7 32. Ra4 Kf6 33. Bd3 Rh1 34. Be4 Rb6 35. g3 Rh2+ 36. Ke3 Rxd2 37. Kxd2 Bf5 38. Bxf5 Kxf5 39. Kd3 g5 40. Ra5+ Ke6
41. Rxg5
1-0

[Event "EUROPA CUP1----2008"]
[Site "SchemingMind.com"]
[Date "2009.02.14"]
[Round "-"]
[White "TRFz"]
[Black "Konan_Kaddosh"]
[Result "1/2-1/2"]
[WhiteCountry "GBR"]
[BlackCountry "ITA"]
[WhiteElo "2272"]
[WhiteRD "67"]
[BlackElo "2618"]
[BlackRD "66"]
[GameID "191372"]

1. d4 Nf6 2. c4 e6 3. Nc3 Bb4 4. a3 Bxc3+ 5. bxc3 O-O 6. f3 d5 7. cxd5 exd5 8. e3 Bf5 9. Ne2 Nbd7 10. Ng3 Bg6
11. Bd3 c5 12. O-O Re8 13. Rb1 Rb8 14. Bxg6 hxg6 15. e4 cxd4 16. Qxd4 dxe4 17. Nxe4 Nxe4 18. fxe4 b6 19. Bf4 Rc8 20. Bd6 Qg5
21. Qa4 Nf6 22. e5 Ng4 23. Kh1 Ne3 24. Rf2 Nf5 25. Rf3 a5 26. Rbf1= Nxd6 27. exd6 Re2 28. Rg1 Qd5 29. Qd7 Ree8 30. Qa7 Red8
31. Rgf1 f5 32. Qxb6 Rxd6 33. Qa7 Qc5 34. Qb7 Rb6 35. Qd7 Qc6 36. Qd1 Rb2 37. Rg3 Re8 38. c4 Rbe2 39. Qd5+ Qxd5 40. cxd5 Kf7
41. Kg1 R8e3 42. Rxe3 Rxe3 43. Rc1 Rxa3=
1/2-1/2

[Event "EUROPA CUP1----2008"]
[Site "SchemingMind.com"]
[Date "2009.04.29"]
[Round "-"]
[White "Peacemaker"]
[Black "Konan_Kaddosh"]
[Result "1/2-1/2"]
[WhiteCountry "GER"]
[BlackCountry "ITA"]
[WhiteElo "2453"]
[WhiteRD "81"]
[BlackElo "2621"]
[BlackRD "72"]
[GameID "202457"]

1. e4 e5 2. Nf3 Nf6 3. Nc3 Nc6 4. Bb5 Bb4 5. O-O O-O 6. d3 d6 7. Bg5 Bxc3 8. bxc3 Qe7 9. Re1 Nd8 10. d4 Ne6
11. Bc1 Rd8 12. a4 c6 13. Bd3 Qc7 14. Be3 h6 15. h3 c5 16. d5 Nf8 17. Nd2 Ng6 18. Qf3 Qe7 19. a5 Kh7 20. Nc4 Rb8
21. Rab1 Kg8 22. Rb2 Nh4 23. Qe2 Ng6 24. Kh2 Qc7 25. Reb1 Kh8 26. g3 Qd7 27. Qf1 Kg8 28. Qg2 Qe7 29. Bd2 Nh5 30. Be2 Nf6
31. h4 Re8 32. Rb3 Ra8 33. Qh1 Rb8 34. Kg1 Qc7 35. h5 Nf8 36. Qh4 N8h7 37. Kg2 Kh8 38. f3 Kg8 39. Ra1 Bd7 40. Rb2 Rbd8
41. Rf1 Bc8 42. Rfb1 Nd7=
1/2-1/2

[Event "EUROPA CUP1----2008"]
[Site "SchemingMind.com"]
[Date "2009.04.29"]
[Round "-"]
[White "Konan_Kaddosh"]
[Black "Peacemaker"]
[Result "1-0"]
[WhiteCountry "ITA"]
[BlackCountry "GER"]
[WhiteElo "2621"]
[WhiteRD "72"]
[BlackElo "2453"]
[BlackRD "81"]
[GameID "202461"]

1. e4 c5 2. Nf3 Nc6 3. d4 cxd4 4. Nxd4 Nf6 5. Nc3 d6 6. Bg5 e6 7. Qd2 a6 8. O-O-O Bd7 9. f3 Be7 10. Be3 b5
11. g4 Nxd4 12. Qxd4 e5 13. Qd2 b4 14. Ne2 Qa5 15. g5 Nh5 16. Kb1 Be6 17. b3 Rd8 18. c4 g6 19. Ng3 Nf4 20. Qf2 Rc8
21. h4 Rb8 22. h5 Qc7 23. Bxf4 exf4 24. Ne2 Bxg5 25. hxg6 fxg6 26. Bh3 Bxh3 27. Qd4 Rf8 28. Rxh3 Rf7 29. Qd5 Qc5 30. Qxd6 Qxd6
31. Rxd6 Rd8 32. Rd5 Rxd5 33. cxd5 h5 34. Rh1 Bf6 35. Nxf4 g5 36. Nxh5 Bd4 37. Rd1 Bc3 38. Rf1 Rh7 39. Rh1 Rf7 40. Rg1 Rxf3
41. Rxg5 Re3 42. Ng3 Kd7 43. Kc2 Be1 44. Nh5 Bc3 45. Rg4 a5 46. Ng7 Bxg7 47. Rxg7+ Kd6 48. Rg6+ Ke5 49. Re6+
1-0